| 000 | 00418nam a22001577a 4500 | ||
|---|---|---|---|
| 003 | OSt | ||
| 008 | 230524b2010 |||||||| |||| 00| 0 eng d | ||
| 020 | _a9788131734568 | ||
| 082 |
_a160 _bSEN-I |
||
| 100 | _aSen, Madhucchanda | ||
| 245 |
_aAn Introduction to critical thinking / _cMadhucchanda Sen |
||
| 260 |
_aNoida : _bPearson, _c2010. |
||
| 300 | _aviii, 113 p. ; | ||
| 650 | _aCritical thinking | ||
| 942 |
_2ddc _cBK |
||
| 999 |
_c19672 _d19672 |
||